Liabilities, Liquidity, and Cash Management: Balancing Financial Risk, (Record no. 5275)

MARC details
005 - DATE AND TIME OF LATEST TRANSACTION
control field 20250626094909.0
020 ## - INTERNATIONAL STANDARD BOOK NUMBER
International Standard Book Number 0-471-10630-5
082 ## - DEWEY DECIMAL CLASSIFICATION NUMBER
Classification number 658.15'5CHO
100 ## - MAIN ENTRY--PERSONAL NAME
Author name CHORAFAS, D. N.
245 ## - TITLE STATEMENT
Title Liabilities, Liquidity, and Cash Management: Balancing Financial Risk,
260 ## - PUBLICATION, DISTRIBUTION, ETC.
Place of publication, distribution, etc. New York,
Name of publisher, distributor, etc. John Wiley,
Date of publication, distribution, etc. 2002.
300 ## - PHYSICAL DESCRIPTION
Extent XX, 316p,: ill.; figure
Other physical details Index
Dimensions 26cm
942 ## - ADDED ENTRY ELEMENTS (KOHA)
Source of classification or shelving scheme Dewey Decimal Classification
Koha item type Books
Holdings
Date last seen Total checkouts Full call number Barcode Cost, replacement price Price effective from Koha item type Lost status Source of classification or shelving scheme Damaged status Not for loan Withdrawn status Home library Current library Shelving location Date acquired Cost, normal purchase price
06/26/2025   648.15'5CHO DOM0001538 135000.00 06/26/2025 Books   Dewey Decimal Classification       CBE Dodoma CBE Dodoma General Collection 02/20/2004 45000.00
06/26/2025   648.15'5CHO DOM0001537 135000.00 06/26/2025 Books   Dewey Decimal Classification       CBE Dodoma CBE Dodoma General Collection 02/20/2004 45000.00
06/26/2025   648.15'5CHO DOM0001536 135000.00 06/26/2025 Books   Dewey Decimal Classification       CBE Dodoma CBE Dodoma General Collection 02/20/2004 45000.00
06/26/2025   648.15'5CHO DOM0001535 135000.00 06/26/2025 Books   Dewey Decimal Classification       CBE Dodoma CBE Dodoma General Collection 02/20/2004 45000.00